Fundamentos del anl̀isis econm̤ico del derecho

Bibliographic Details
Main Author: Shavell, Steven
Format: eBook
Language:Spanish
Published: Madrid: Editorial Universitaria Ramn̤ Areces, 2016
Subjects:
Online Access:Acceso restringido

MARC

LEADER 00000nam a22000007a 4500
005 20180927224027.0
007 cr|||| ||||
008 180927s2016 es |||||s|||| 00||0 spa d
020 |a 978-84-9961-246-1 
035 |a 22029 
040 |a vLex 
090 |c 8134  |d 8134 
100 1 |a Shavell, Steven 
245 1 0 |a Fundamentos del anl̀isis econm̤ico del derecho  |h [Recurso electrn̤ico] /  |c Steven Shavell 
256 |a Servicio en ln̕ea 
260 |a Madrid:  |b Editorial Universitaria Ramn̤ Areces,  |c 2016 
300 |a 1 recurso electrn̤ico 
500 |a Este libro pretende transmitir las ideas bs̀icas de lo que se conoce como anl̀isis econm̤ico del derecho. Las r̀eas de interš son las centrales de cualquier sistema jurd̕ico, es decir, las leyes que rigen la propiedad, los accidentes, los contratos y el delito, junto con el proceso judicial. Debido a que mi objetivo es dar a conocer los principios del anl̀isis econm̤ico del derecho de una manera que sea accesible tanto a las personas interesadas en el derecho que no tienen una formacin̤ en los mťodos de la economa̕ como para la comunidad de los economistas, se ha evitado el anl̀isis econm̤ico formal (excepto en las notas a pie de pg̀ina), as ̕como un examen detallado de la doctrina jurd̕ica. 
506 1 |a Disponible solo en los productos indicados  |d vLex Global  |d vLex Global (Academic Edition, excluding Law Schools)  |d vLex Global (U.S. Academic Edition, Law Schools)  |d vLex Global (U.S. Academic Edition, excluding Law Schools)  |d vLex Global (Academic Edition, Law Schools) 
650 0 4 |a Derecho Civil  |z Espaą 
650 0 4 |a Derecho Mercantil y de la Empresa  |z Espaą 
740 0 |a vLex Libros (Servicio en ln̕ea) 
856 4 0 |u http://vlex.com/source/fundamentos-del-analisis-economico-del-derecho-22029  |z Acceso restringido 
942 |c BOOK 
999 0 |a Civil Law 
999 0 |a Business and Company Law